LEADER 01063nam0-22003371i-450- 001 990003026820403321 035 $a000302682 035 $aFED01000302682 035 $a(Aleph)000302682FED01 035 $a000302682 100 $a20000920d1971----km-y0itay50------ba 101 0 $aita 102 $aIT 200 1 $aChina Trade Prospects and U.S. Policy$fJerome Alan Cohen, Robert F. Dernberger, John R. Garson$gEdited with an Introduction by Alexander Eckstein$gPreface by Robert A. Scalapino. 210 $aNew York$cFrederick A. Praeger$d1971. 215 $aXXVII, 329 p.$d22 cm 225 1 $aPraeger Library of Chinese Affairs 610 0 $aCommercio estero$aCina 676 $aF/1.321 676 $aO/1.35 702 1$aCohen,$bJerome Alan 702 1$aDernberger,$bRobert F. 702 1$aGarson,$bJohn R. 801 0$aIT$bUNINA$gRICA$2UNIMARC 901 $aBK 912 $a990003026820403321 952 $aF/1.321 COH$b3555/I$fSES 959 $aSES 996 $aChina Trade Prospects and U.S. Policy$9463809 997 $aUNINA DB $aING01 LEADER 01998oam 2200553zu 450 001 9911004819103321 005 20210807003246.0 010 $a1-61583-006-5 035 $a(CKB)1000000000800333 035 $a(SSID)ssj0000506427 035 $a(PQKBManifestationID)12186879 035 $a(PQKBTitleCode)TC0000506427 035 $a(PQKBWorkID)10515935 035 $a(PQKB)10225658 035 $a(EXLCZ)991000000000800333 100 $a20160829d2009 uy 101 0 $aeng 181 $ctxt 182 $cc 183 $acr 200 00$aAASHTO guidelines for traffic data programs 210 31$a[Place of publication not identified]$cAmerican Association of State Highway and Transportation Officials$d2009 300 $aBibliographic Level Mode of Issuance: Monograph 311 $a1-56051-436-1 517 0 $aGuidelines for traffic data programs 531 $aAASHTO GUIDELINES FOR TRAFFIC DATA PROGRAMS 606 $aTraffic monitoring$xData processing 606 $aTraffic monitoring$xTechnological innovations 606 $aTraffic surveys$xData processing 606 $aTraffic estimation$xData processing 606 $aBusiness & Economics$2HILCC 606 $aTransportation Economics$2HILCC 615 0$aTraffic monitoring$xData processing. 615 0$aTraffic monitoring$xTechnological innovations. 615 0$aTraffic surveys$xData processing. 615 0$aTraffic estimation$xData processing. 615 7$aBusiness & Economics 615 7$aTransportation Economics 702 $aVandervalk-Ostrander$b Anita 702 $aVandervalk-Ostrander$b Anita 712 02$aUnited States 712 02$aNational Cooperative Highway Research Program 712 02$aUnited States Federal Highway Administration. 712 02$aAmerican Association of State Highway and Transportation Officials 801 0$bPQKB 906 $aBOOK 912 $a9911004819103321 996 $aAASHTO guidelines for traffic data programs$94389608 997 $aUNINA LEADER 03467nam 2200769 a 450 001 9910966305003321 005 20200520144314.0 010 $a1-003-71882-5 010 $a1-283-25675-4 010 $a9786613256751 010 $a963-9776-99-8 010 $a1-4416-9465-X 024 7 $a10.1515/9789639776999 035 $a(CKB)2550000000035246 035 $a(EBL)3137315 035 $a(SSID)ssj0000521505 035 $a(PQKBManifestationID)11913723 035 $a(PQKBTitleCode)TC0000521505 035 $a(PQKBWorkID)10522715 035 $a(PQKB)10813779 035 $a(OCoLC)727738285 035 $a(MdBmJHUP)muse21335 035 $a(Au-PeEL)EBL3137315 035 $a(CaPaEBR)ebr10468964 035 $a(CaONFJC)MIL325675 035 $a(OCoLC)922998024 035 $a(DE-B1597)633503 035 $a(DE-B1597)9789639776999 035 $a(OCoLC)1338020162 035 $a(Perlego)2056071 035 $a(MiAaPQ)EBC3137315 035 $a(EXLCZ)992550000000035246 100 $a20100917d2011 uy 0 101 0 $aeng 135 $aur|n|---||||| 181 $ctxt 182 $cc 183 $acr 200 00$aCivic and uncivic values $eSerbia the post-Milosevic era /$fedited by Ola Listhaug, Sabrina P. Ramet, and Dragana Dulic 205 $a1st ed. 210 $aBudapest ;$aNew York $cCentral European University Press$dc2011 215 $a1 online resource (469 p.) 300 $aDescription based upon print version of record. 311 08$a963-9776-98-X 320 $aIncludes bibliographical references and indexes. 327 $apt. 1. Introduction -- pt. 2. Political and social values -- pt. 3. Media and films -- pt. 4. Schools, gender, and nationalism -- pt. 5. Kosovo as myth and as politics -- pt. 6. Conclusion. 330 $aDiscusses Serbia?s struggle for democratic values after the fall of the Milo?evi? regime provoked by the NATO war, and after the trauma caused by the secession of Kosovo. Are the value systems of the post-Milo?evi? era true stumbling blocks of a delayed transition of this country? Seventeen contributors from Norway, Serbia, Italy, Germany, Poland and some other European countries covered a broad range of topics in order to provide answers to this question. The subjects of their investigations were national myths and symbols, history textbooks, media, film, religion, inter-ethnic dialogue, transitional justice, political party agendas and other related themes. The authors of the essays represent different scholarly disciplines whose theoretical conceptions and frameworks are employed in order to analyze two alternative value systems in Serbia: liberal, cosmopolitan and civic on the one hand, and traditional, provincial, nationalist on the other. 606 $aSocial values$zSerbia 606 $aNationalism$zSerbia 607 $aSerbia$xEthnic relations 607 $aSerbia$xSocial conditions$y21st century 607 $aSerbia$xPolitics and government$y21st century 607 $aSerbia$xHistory$y1992- 615 0$aSocial values 615 0$aNationalism 676 $a305.80094971/09051 686 $aNQ 8240$2rvk 701 $aListhaug$b Ola$01810882 701 $aRamet$b Sabrina P.$f1949-$0472014 701 $aDulic?$b Dragana$01810883 801 0$bMiAaPQ 801 1$bMiAaPQ 801 2$bMiAaPQ 906 $aBOOK 912 $a9910966305003321 996 $aCivic and uncivic values$94362413 997 $aUNINA